00416nam a2200133Ia 45000010005000000080041000050200022000460820025000681000028000932450093001212600026002149010027002409990015002674578241024s9999 xx 000 0 und d a978-9945-8631-1-6 aRD/864.44/F475l/2015 aMarcial Figuerea Rosado 0aEl lanzador de redes. "El poder lo tienen los de abajos" y "Los de arriba lo representan bEditora Cismarkc2015 a17/1/2017 9:17:53 a.m. c7730d7730